| 000 | 02161cam a22004334a 4500 | ||
|---|---|---|---|
| 001 | 15063536 | ||
| 005 | 20080617130712.0 | ||
| 008 | 071030s2008 mau |rb 001 0 eng | ||
| 010 | _a 2007045019 | ||
| 020 | _a9780073380087 (alk. paper) | ||
| 020 | _a0073380083 (alk. paper) | ||
| 040 |
_aDLC _cDLC _dDLC |
||
| 043 | _an-us--- | ||
| 050 | 0 | 0 |
_aHN59.2 _b.S585 2008 |
| 082 | 0 | 0 |
_a305.0973 _222 _bSOC |
| 245 | 0 | 4 |
_aThe Social Construction of Difference and Inequality : _bRace, Class, Gender, and Sexuality / _c[selected and edited by] Tracy Ore. |
| 250 | _a4th ed. | ||
| 260 |
_aBoston : _bMcGraw-Hill Higher Education, 2009 _c2009 |
||
| 300 |
_axvii, 786 p. ; _c24 cm. |
||
| 504 | _aIncludes bibliographical references | ||
| 650 | 0 |
_aCultural pluralism _zUnited States. _912414 |
|
| 650 | 0 |
_aEquality _zUnited States. _912415 |
|
| 650 | 0 |
_aMinorities _zUnited States _xSocial conditions. _912416 |
|
| 650 | 0 |
_aSocial classes _zUnited States. _912417 |
|
| 650 | 0 |
_aWomen _zUnited States _xSocial conditions. _912418 |
|
| 650 | 0 |
_aGays _zUnited States _xSocial conditions. _912419 |
|
| 650 | 0 |
_aDiscrimination _zUnited States. _912420 |
|
| 651 | 0 |
_aUnited States _xSocial conditions _y1980- _912421 |
|
| 651 | 0 |
_aUnited States _xRace relations. _912422 |
|
| 651 | 0 |
_aUnited States _xEthnic relations. _912423 |
|
| 700 | 1 |
_aOre, Tracy E. _912424 |
|
| 856 | 4 | 2 |
_3Publisher description _uhttp://www.loc.gov/catdir/enhancements/fy0808/2007045019-d.html |
| 856 | 4 | 1 |
_3Table of contents only _uhttp://www.loc.gov/catdir/enhancements/fy0808/2007045019-t.html |
| 942 |
_2ddc _cNB |
||
| 999 |
_c13620 _d13620 |
||